Transmission systems, (Record no. 194640)

000 -LEADER
fixed length control field 00935 a2200193 4500
003 - CONTROL NUMBER IDENTIFIER
control field Nust
005 - DATE AND TIME OF LATEST TRANSACTION
control field 20170207154159.0
010 ## - LIBRARY OF CONGRESS CONTROL NUMBER
LC control number 73166878
020 ## - INTERNATIONAL STANDARD BOOK NUMBER
International Standard Book Number 0046210180
040 ## - CATALOGING SOURCE
Transcribing agency Nust
082 00 - DEWEY DECIMAL CLASSIFICATION NUMBER
Classification number 621.38
100 1# - MAIN ENTRY--PERSONAL NAME
Personal name Hills, M. T.
245 10 - TITLE STATEMENT
Title Transmission systems,
Statement of responsibility, etc. by M. T. Hills and B. G. Evans.
260 ## - PUBLICATION, DISTRIBUTION, ETC.
Place of publication, distribution, etc. London,
Name of publisher, distributor, etc. Allen and Unwin,
Date of publication, distribution, etc. 1973.
300 ## - PHYSICAL DESCRIPTION
Extent 3-271 p.
Other physical details illus.
Dimensions 24 cm.
505 ## - FORMATTED CONTENTS NOTE
Formatted contents note System Design Problem (Page-15) Basic Principles of Line Communication (Page-30) Transmission Planning for Speech Networks (Page-58) F.D.M Systems (Page-80) Propagation (Page-109) Radio Systems (Page-140) Microwave Transmission Systems (Page-150) Satellite Communication Systems (Page-176) Programme and Television Transmission (Page-199) P.C.M. Systems (Page-205) Telegraphy systems (Page-218) Data Systems (Page-230) Tomorrow Transmission Systems (Page-240)
650 #0 - SUBJECT ADDED ENTRY--TOPICAL TERM
Topical term or geographic name entry element Telecommunication systems.
700 1# - ADDED ENTRY--PERSONAL NAME
Personal name Evans, B. G.
942 ## - ADDED ENTRY ELEMENTS (KOHA)
Source of classification or shelving scheme
Koha item type Book
Holdings
Withdrawn status Lost status Source of classification or shelving scheme Damaged status Not for loan Collection code Permanent Location Current Location Date acquired Total Checkouts Full call number Barcode Date last seen Price effective from Koha item type
            Military College of Signals (MCS) Military College of Signals (MCS) 12/12/2016   621.38 HIL MCS9518 12/08/2016 12/12/2016 Book
© 2023 Central Library, National University of Sciences and Technology. All Rights Reserved.